| 000 | 01629nam a2200277Ia 4500 | ||
|---|---|---|---|
| 999 |
_c49287 _d49287 |
||
| 001 | 16203 | ||
| 003 | GE_BSU | ||
| 005 | 20200422202308.0 | ||
| 008 | 181216s2012ge |||||||||||||| ||geo|| | ||
| 020 | _a 978-9941-15-668-7 | ||
| 040 | _cGE_BSU | ||
| 041 | _ageo | ||
| 080 | _a616.311(075.8) პ-38 | ||
| 245 |
_aპირის ღრუს ლორწოვანი გარსის დაავადებები : _bსახელმძღვ. სტომატოლოგიის ფაკ. სტუდენტების, რეზიდენტებისა და ექიმი სტომატოლოგებისათვის / _cმანანა ივერიელი ; ნინო აბაშიძე ; ხატია გოგიშვილი ; ნინო გოგბაშვილი ; რედ. ნათია ნაფეტვარიძე. |
||
| 264 |
_aთბილისი, _c2012. |
||
| 300 |
_a284 გვ. : _bსურ. ; _c27 სმ.. |
||
| 504 | _a ბიბლიოგრ.: გვ. 275. | ||
| 653 | _aმედიცინა | ||
| 653 | _aპირის ღრუს ლორწოვანი გარსის დაავადებები | ||
| 700 |
_a ივერიელი, მანანა _97958 |
||
| 700 |
_a აბაშიძე, ნინო _97959 |
||
| 700 |
_aგოგიშვილი, ხატია _97960 |
||
| 700 |
_aგოგებაშვილი, ნინო _97961 |
||
| 700 |
_aნაფეტვარიძე, ნათია _eრედაქტორი _97962 |
||
| 942 |
_cBK _2udc |
||